Statistics for Young Adult Fiction Marathon Quiz

Click here to take the quiz!

General Stats

  • This quiz has been taken 342 times
    (337 since last reset)
  • The average score is 22 of 64

Answer Stats

HintBook% Correct
Tributes Put Into Death MatchHunger Games
99%
5 Factions; Girl Fits Into 3Divergent
95%
Katniss Everdeen
90%
Girl Falls in Love with Vampire in WashingtonTwilight
90%
Boy WizardHarry Potter
87%
Harry Potter
87%
Girl is Diagnosed with Cancer and Falls in LoveFault in Our Stars
83%
Percy Jackson
81%
Bella Swan
77%
Alice
74%
Demi-GodsPercy Jackson
73%
Down the Rabbit HoleAlice in Wonderland
69%
Tris Prior
69%
School for VampiresVampire Academy
68%
At 16, Surgery Is Performed To Be PrettyUglies
67%
Girl Discovers She is a Demon FighterMortal Instruments
66%
Boy Goes on Road Trip to Save Quirky GirlPaper Towns
56%
Younger Sister Finds Door to Alternate WorldThe Lion The Witch and The Wardrobe
54%
Clary Fray
53%
Hazel Grace Lancaster
50%
XOXOGossip Girl
49%
Children are Assigned Jobs; Jonas gets a Special OneThe Giver
49%
Jonas
45%
Demon Hunters in the 19th CenturyThe Infernal Devices
43%
Teens Assigned Romantic Partners -- Girl RebelsMatched
42%
Girl Discovers Alternate Universe With Other MotherCoraline
37%
Coraline
37%
All Adults Disappear and Kids Get PowersGone
33%
Theresa Gray
32%
Peter, Susan, Edmund and Lucy
31%
Rose Hathaway
30%
Serena, Blair, Nate, Chuck and Dan
29%
Angel Falls in Love with Human GirlHush Hush
23%
Friend Goes Missing; Lies Come to LightPretty Little Liars
22%
Quentin Jacobsen
21%
Boy Writes Letters about Final Years of SchoolPerks of Being a Wallflower
18%
Cassia Reyes
16%
Sequel Spin-Off of AboveExtras
14%
Spencer, Aria, Emily and Hanna
14%
Bree Tanner
13%
Charlie Scorsoni
12%
Schuyler Van Alen
12%
Tally Youngblood
11%
Novella About Brief Character In Vampire SeriesThe Short Second Life of Bree Tanner
11%
Cynical Adolescent's Journey Through New YorkCatcher in the Rye
10%
Sam Temple
9%
Nora Grey
8%
Three Siblings Discover Magical World in their new BackyardThe Spiderwick Chronicles
8%
Holden Caulfield
6%
Girl Discovers She is a FairyWings
6%
Gemma Doyle
5%
Girl Discovers She is a Royal TrollSwitched
5%
Boarding School Girls Discover Powers in 1896The Gemma Doyle Series
5%
Emma
4%
Angel Falls In Love with Human BoyHalo
4%
One Twin Takes the Life of AnotherThe Lying Games
3%
Wendy Everly
3%
Ancient Reincarnating Vampires with IncestBlue Bloods
2%
Mallory, Jared and Simon
2%
Aya Fuse
1%
Bethany Church
1%
Laurel Sewell
1%
Spin off of Above, With TripletsThe Carlyles
1%
Owen, Avery and Baby
0%

Score Distribution

Percentile by Number Answered

Percent of People with Each Score

Your Score History

You have not taken this quiz since the last reset